Statistics for World Capitals with One Word and Two O's

Click here to take the quiz!

General Stats

  • This quiz has been taken 36 times
  • The average score is 11 of 18

Answer Stats

ContinentCountry% Correct
South AmericaBogotá
86%
EuropeOslo
86%
EuropeStockholm
86%
EuropeLondon
79%
South AmericaMontevideo
69%
EuropeMoscow
69%
AfricaOuagadougou
69%
EuropePodgorica
66%
South AmericaGeorgetown
62%
EuropeMonaco
59%
AfricaBloemfontein
55%
AfricaMoroni
55%
AfricaDodoma
52%
AfricaGaborone
52%
AfricaMonrovia
52%
AsiaTokyo
52%
AfricaNouakchott
48%
AfricaYamoussoukro
45%

Score Distribution

Percentile by Number Answered

Percent of People with Each Score

Your Score History

You have not taken this quiz